| 000 | 00818nam a22002897a 4500 | ||
|---|---|---|---|
| 003 | CHAP | ||
| 005 | 20220329134828.0 | ||
| 008 | 971013s1950 r 00010 d | ||
| 010 | _a26611 | ||
| 011 | _a27583 | ||
| 035 | _a31684 | ||
| 040 | _cCHAP | ||
| 082 |
_a330 _bK3 |
||
| 100 | 0 | 0 |
_aKanapa, J. _962661 |
| 245 | _aKeynes, economista vulgar, 5 ensayos | ||
| 260 |
_aMéxico, D. F. : _b(s.e.), _c1950 |
||
| 300 | _a129 p. | ||
| 590 |
_aBATCH-UPD _b10 _c20130110 _lUCH01 _h1838 |
||
| 590 |
_aBATCH-UPD _b10 _c20130410 _lUCH01 _h1209 |
||
| 590 |
_aBATCH-UPD _b10 _c20130914 _lUCH01 _h1230 |
||
| 590 |
_aCONVERSION _b10 _c20130109 _lUCH01 _h1315 |
||
| 650 | 1 | 4 |
_aEconomía. _935226 |
| 700 | 0 |
_aKeynes, John Maynard. _963125 |
|
| 901 | _aBK | ||
| 942 | _cLIBRO | ||
| 949 |
_a330 K3 _bBC _cBPA _d-73243 _eBPA _h50153 _i31684 _si |
||
| 999 |
_c26611 _d26611 |
||